The economic development of Tanganyika; (Record no. 3544)

MARC details
000 -LEADER
fixed length control field 00997cam a22002531 4500
001 - CONTROL NUMBER
control field 6559121
003 - CONTROL NUMBER IDENTIFIER
control field OSt
005 - DATE AND TIME OF LATEST TRANSACTION
control field 20230704081038.0
008 - FIXED-LENGTH DATA ELEMENTS--GENERAL INFORMATION
fixed length control field 720126s1961 mduab 000 0 eng
010 ## - LIBRARY OF CONGRESS CONTROL NUMBER
LC control number 61009915
035 ## - SYSTEM CONTROL NUMBER
System control number (OCoLC)228414
040 ## - CATALOGING SOURCE
Original cataloging agency DLC
Transcribing agency ODaWU
Modifying agency OCoLC
-- DLC
042 ## - AUTHENTICATION CODE
Authentication code premarc
082 ## - DEWEY DECIMAL CLASSIFICATION NUMBER
Classification number 338.967
Item number HOP
100 ## - MAIN ENTRY--PERSONAL NAME
Titles and words associated with a name John Hopkins
110 2# - MAIN ENTRY--CORPORATE NAME
Corporate name or jurisdiction name as entry element World Bank.
245 14 - TITLE STATEMENT
Title The economic development of Tanganyika;
Remainder of title report of a mission organized by the International Bank for Reconstruction and Development at the request of the governments of Tanganyika and the United Kingdom.
260 ## - PUBLICATION, DISTRIBUTION, ETC. (IMPRINT)
Place of publication, distribution, etc. Baltimore,
Name of publisher, distributor, etc. Published for the International Bank for Reconstruction and Development, by the Johns Hopkins Press, Baltimore
Date of publication, distribution, etc. [1961]
300 ## - PHYSICAL DESCRIPTION
Extent xxviii, 548 p.
Other physical details fold. maps (part col.) diagrs., tables.
Dimensions 24 cm.
651 #0 - SUBJECT ADDED ENTRY--GEOGRAPHIC NAME
Geographic name Tanzania
General subdivision Economic conditions.
651 #0 - SUBJECT ADDED ENTRY--GEOGRAPHIC NAME
Geographic name Tanzania
General subdivision Economic policy.
906 ## - LOCAL DATA ELEMENT F, LDF (RLIN)
a 7
b cbc
c oclcrpl
d u
e ncip
f 19
g y-gencatlg
942 ## - ADDED ENTRY ELEMENTS (KOHA)
Source of classification or shelving scheme Dewey Decimal Classification
Koha item type Books
Holdings
Withdrawn status Lost status Source of classification or shelving scheme Damaged status Not for loan Home library Current library Date acquired Total Checkouts Full call number Barcode Date last seen Price effective from Koha item type
    Dewey Decimal Classification     County Hall Archives County Hall Archives 07/04/2023   338.967 HOP 10001400 07/04/2023 07/04/2023 Books
LIBRARY OPENING HOURS

When the Parliament is sitting: 8.00a.m - 7.00p.m or until the house adjourns
Mondays and Fridays and when the House is on Recess:  8.00a.m - 5.00p.m
Closed on Weekends and Public Holidays

Online Public Access Catalog (OPAC)
Website: http://www.parliament.go.ke
Bunge Library: https://libraryir.parliament.go.ke
Contact: library@parliament.go.ke | Tel no: (254-2)2221291 or 2848000 Ext 5043